Algoritmické obchodovanie s využitím umelej inteligencie

Saved in:
Bibliographic Details
Main Author: Karas, Peter (Author)
Other Authors: Drozda, Martin (Thesis advisor)
Format: Manuscript Book
Language:Slovak
Published: 2025
Subjects:
Online Access:http://is.stuba.sk/zp/portal_zp.pl?podrobnosti=184397
Tags: Add Tag
No Tags, Be the first to tag this record!

MARC

LEADER 00000ntm a22000003a 4500
001 stuzp103929
003 SK-STU
005 20251115210333.2
007 ta
008 150427s2015----xo-----f-mn---000-0-slo-d
040 |a STU  |b slo 
041 0 |a slo 
100 1 |a Karas, Peter  |u 035000  |4 aut  |U FEI Fakulta elektrotechniky a informatiky  |T FEI Ústav informatiky a matematiky  |X 112042  |U E050  |Y 816  |7 112042 
242 0 1 |a Algorithmic trading using artificial intelligence  |y eng 
245 1 0 |a Algoritmické obchodovanie s využitím umelej inteligencie 
260 |c 2025 
650 4 |a Algoritmické Obchodovanie  |2 slo 
650 4 |a Umelá Inteligencia  |2 slo 
650 4 |a StockMixer  |2 slo 
650 4 |a Strojové Učenie  |2 slo 
650 4 |a Predikcia  |2 slo 
650 4 |a StockMixer  |2 eng 
650 4 |a Machine Learning  |2 eng 
650 4 |a Artificial Intelligence  |2 eng 
650 4 |a Algoritmic Trading  |2 eng 
650 4 |a Prediction  |2 eng 
700 1 |a Drozda, Martin  |u 035000  |k Z1  |4 ths  |U FEI Fakulta elektrotechniky a informatiky  |T FEI Ústav informatiky a matematiky  |X 71006  |U E050  |Y 816  |7 A000071006 
856 4 |u http://is.stuba.sk/zp/portal_zp.pl?podrobnosti=184397